000 00390nam a2200169Ia 4500
001 12111
003 IN-NITTTR
005 20251114233113.0
008 251113s9999||||xx |||||||||||||| ||eng||
040 _beng
040 _cIN-NITTTR
041 _aeng
082 _aR 658 D472 O
100 _aDessler, Gary.
245 0 _aOrganisation and management /
_cDessler, Gary.
942 _2ddc
_cBK
999 _c14747
_d14747